000 01193nam0a22002771 4500
001 rc\4077848
005 20250611082256.0
021 _aRU
_b[49-41301]
035 _a(NLR Aleph) 008124073
090 _a9381882
_c9381882
100 _a20130415d1949 |||y0rusy50 ca
101 0 _arus
102 _aRU
105 _ay z |||||
200 1 _aСтенографический отчет
_fЧетвертая сессия Верховного Совета Кабард. АССР второго созыва 9-11-го июня 1949 г.
210 _aНальчик
_cКабгосиздат
_d1949
_gТип. им. Революции 1905 г.
215 _a191, [5] с.
_d23
606 _aЗаконодательство
_yКабардинская АССР
_2psbo
606 _aКонституция Кабардинской АССР
_jИзменения и дополнения
_2psbo
606 _aБюджет
_yКабардинская АССР
_z1949
_2psbo
710 1 2 _aКабардинская АССР. Верховный Совет. Созыв (2). Сессия (4)
801 0 _aRU
_bNLR
_gpsbo
801 1 _aRU
_bELAR
_2rusmarc
852 _aNLR
_jИр66 Г-5/110
942 _cBOOK
980 _aNB